000 00415 a2200157 4500
001 158745
020 _a
040 _cMagnum
100 _aMello, Antenor Vieira de
240 1 0 _aNova enciclopedia da lingua portuguesa/v.2 - verbos regulares
_lpor
245 1 0 _aNova enciclopedia da lingua portuguesa/v.2 - verbos regulares
362 0 _a1899
440 1 _aDo Brasil
697 _aENCICLOPEDIAS
942 _cBK
999 _c158745
_d158745